000
00254nam a22001217a 4500
008
171016b xxu||||| |||| 00| 0 eng d
041
_a
eng
080
_2
13TH
_a
33
100
_a
52
101
_a
EKO
245
_a
ECONOMICS
_c
LIPSEY,R.G
942
_2
udc
_c
BK
999
_c
33995
_d
33995